000 00712nam a2200241Ia 4500
005 20260430150300.0
008 008 250103s9999 xx 000 0 eng d
037 _aTheses
040 _aCRL
040 _beng
040 _ceng
041 _2eng
041 _aeng
084 _qCRL
100 _aGupta Lovely Au.; Priti Rishi Lal Gu.; Gupta Yashdeep Gu.
_91237022
245 0 _aEfficacy of Carbohydrate Counting Educational Intervention on Diabetes Management among Adults with Type 1 Diabetes Mellitus
260 _c2023
300 _a790
650 _aScience
700 _aUniversity of Delhi. Faculty of Science. Deptt. of Home Science
_91236642
942 _cTH
999 _c1849410
_d1849410